000 01379nam a2200337 i 4500
003 EG-GICUC
005 20260314084219.0
008 260124s2000 ua |||fr|||| 00| 0 ara d
017 _a17410/2000
020 _a9773090361
040 _a EG-GICUC
_bara
_c EG-GICUC
_d EG-GICUC
_erda
041 0 _aAra
082 0 4 _221
_a343.766
_bأ ح . ت
092 0 4 _221
099 _aLaw1 10 343.766 أ ح . ت 2000
100 0 _aأحمد عصام الدين مليجى
_eمؤلف.
245 1 0 _aتقييم المعاملة العقابية داخل المؤسسات العقابية :
_bالتطور الحديث للسياسة العقابية /
_cتأليف الدكتور أحمد عصام الدين مليجى.
264 1 _aالقاهرة :
_bالمركز القومى للبحوث الإجتماعية والجنائية،
_c2000.
300 _a238 صفحة؛
_c24 سم.
336 _2rda content
_atext
337 _2rda media
_aComputer
338 _2rda carrier
_aOnline Resource
504 _a ببليوجرافيا: صفحات207-227.
546 _aالنص باللغة العربية
650 1 _aالسجون والمؤسسات العقابية والإصلاحية
_2qrmak
650 1 _aالقانون الجنائى
_2qrmak
651 1 _2qrmak
856 4 0 _uhttps://fll.law.cu.edu.eg/fulltext/bks/B10-08027.pdf
905 _a54
942 _2ddc
_cBK
_e21
_n0
999 _c59063
_d59063